000 00629nam a2200253Ia 4500
005 20250425162157.0
008 250425s9999 xx 000 0 und d
020 _a8423414442
041 _aspa
043 _asp
082 _a338.4791
100 _aVALLS, JOSEP FRANCESC
245 0 _aLAS CLAVES DEL MERCADO TURISTICO: COMO COMPETIR EN EL NUEVO ENTORNO
250 _a1A ED.
260 _aBILBAO
260 _aEspaƱa
_bDEUSTO
_c1996
300 _a295
650 _aINDUSTRIA DEL TURISMO
650 _aMERCADO TURISTICO
650 _aPROMOCION TURISTICA
650 _aTURISMO
942 _c01
010 _a54439
999 _c223896
_d223896